000 00489pam a2200169 a 4500
020 _a9780071070898
_c
041 _h
082 _a615.191
_bJUR
100 _aJuran, Joseph. M.
245 _aJurans Quality Handbook : The Complete Guide to Performance Excellence
_hTextual Documents
250 _a6th ed.
260 _aNew York
_bMc Graw Hill Book Company
_c2010
300 _a1113.
653 _aPharmaceutics(Manufacture & Preparation)
700 _aDe Feo, Joseph. A.
930 _a980
999 _c74282
_d74282